Normal view
MARC view
Entry Personal Name
001 - CONTROL NUMBER
- control field: 12796
003 - CONTROL NUMBER IDENTIFIER
- control field: BD-RjUL
005 - DATE AND TIME OF LATEST TRANSACTION
- control field: 20240502095438.0
008 - FIXED-LENGTH DATA ELEMENTS
- fixed length control field: 240502|| aca||aabn | a|a d
040 ## - CATALOGING SOURCE
- Original cataloging agency: BD-RjUL
- Transcribing agency: BD-RjUL
100 ## - HEADING--PERSONAL NAME
- Personal name: Hossain, Mohammad Arif
670 ## - SOURCE DATA FOUND
- Source citation: Work cat.: (BD-RjUL)83627: Hossain, Mohammad Arif, Prediction of Cyclonic Events over Bay of Bengal Using Numerical Weather Prediction Model With High Resolution /, 2003